[Event "Lliga Catalana eq. DH"]
[Site "?"]
[Date "2014.03.01"]
[Round "6.3"]
[White "Herrero Sabartes, J."]
[Black "Libiszewski, F."]
[Result "0-1"]
[WhiteElo "2329"]
[BlackElo "2497"]
[PlyCount "154"]
[EventDate "2014.??.??"]
[EventType "team"]
[EventCountry "ESP"]

1. e4 e6 2. d3 c5 3. g3 Nc6 4. Bg2 g6 5. Nc3 Bg7 6. Nge2 Nge7 7. h4 h6 8. Be3
Nd4 9. Qd2 Qa5 10. Bxd4 cxd4 11. Nd1 Qxd2+ 12. Kxd2 d6 13. c3 Nc6 14. Rc1 Bd7
15. cxd4 Nxd4 16. Ne3 Nxe2 17. Kxe2 Ke7 18. Rc7 Rab8 19. b3 Rhc8 20. Rhc1 Rxc7
21. Rxc7 Kd8 22. Rc2 b5 23. f4 a5 24. h5 Bd4 25. Bf3 Ke7 26. hxg6 fxg6 27. Rc1
a4 28. b4 h5 29. Rc7 Bb6 30. Rc2 Rg8 31. Rc1 Rf8 32. Ng2 Kf6 33. g4 hxg4 34.
Bxg4 Rh8 35. Kf3 Ke7 36. Kg3 Rh6 37. Nh4 Be3 38. Rf1 Bd4 39. Nf3 Bc3 40. Rb1
Rh8 41. Kf2 Rf8 42. Ke3 e5 43. Bxd7 exf4+ 44. Ke2 Kxd7 45. d4 Rh8 46. Rg1 Bxb4
47. Rb1 Bc3 48. Rxb5 a3 49. Rg5 Rh1 50. Rxg6 Ra1 51. Kd3 Bb2 52. Kc4 Rf1 53.
Ng5 f3 54. Rf6 f2 55. Kd5 Bxd4 56. Rxd6+ Kc8 57. Nh3 Ra1 58. Nxf2 Bxf2 59. Rc6+
Kd7 60. Rc2 Bh4 61. Kc4 Be7 62. Re2 Ke6 63. e5 Rb1 64. Kc3 Bb4+ 65. Kd3 Rb2 66.
Rc2 Kxe5 67. Re2+ Kd5 68. Rc2 Bd6 69. Rd2 Bf4 70. Rc2 Bg5 71. Kc3 Kc5 72. Kd3+
Kb5 73. Kc3 Bf6+ 74. Kd3 Rb1 75. Re2 Bb2 76. Re8 Ra1 77. Rb8+ Kc6 0-1

[Event "Lliga Catalana eq. DH"]
[Site "?"]
[Date "2014.03.01"]
[Round "6.3"]
[White "Lillo Castany, V."]
[Black "Coll Ortega, J."]
[Result "0-1"]
[WhiteElo "2359"]
[BlackElo "2376"]
[PlyCount "42"]
[EventDate "2014.??.??"]
[EventType "team"]
[EventCountry "ESP"]

1. e4 c5 2. Nf3 e6 3. d4 cxd4 4. Nxd4 Nc6 5. Nc3 Qc7 6. f4 a6 7. Nxc6 Qxc6 8.
Bd3 b5 9. Qe2 Bb7 10. Bd2 Be7 11. a3 Rc8 12. O-O Nf6 13. Rae1 O-O 14. Kh1 d5
15. exd5 exd5 16. Nxb5 axb5 17. Qxe7 Rfe8 18. Qb4 d4 19. Rxe8+ Rxe8 20. Rg1 Ng4
21. Be1 Qh6 0-1

[Event "Lliga Catalana eq. DH"]
[Site "?"]
[Date "2014.03.01"]
[Round "6.3"]
[White "Pardo Simon, D."]
[Black "Granados Gomez, M."]
[Result "1-0"]
[WhiteElo "2468"]
[BlackElo "2434"]
[PlyCount "111"]
[EventDate "2014.??.??"]
[EventType "team"]
[EventCountry "ESP"]

1. d4 d5 2. c4 c6 3. Nf3 Nf6 4. Nc3 dxc4 5. a4 Bf5 6. e3 e6 7. Bxc4 Bb4 8. O-O
O-O 9. Qe2 Ne4 10. Bd3 Bxc3 11. bxc3 Nxc3 12. Qc2 Bxd3 13. Qxd3 Nd5 14. Ba3 Re8
15. Rab1 b6 16. Ne5 a5 17. Rfc1 Nb4 18. Bxb4 axb4 19. Nxc6 Nxc6 20. Rxc6 Rxa4
21. Qb5 Qa8 22. Rxb6 h6 23. Rxb4 Rxb4 24. Qxb4 Qa1+ 25. Qb1 Qxb1+ 26. Rxb1 Ra8
27. g4 g6 28. Rb5 Ra2 29. Kg2 Kg7 30. h4 Kf6 31. h5 gxh5 32. Rxh5 Kg6 33. Rb5
Rd2 34. Kg3 Rd1 35. Kf4 Rf1 36. f3 Rd1 37. Rh5 Rd2 38. Rh3 Rd3 39. Ke4 Rd2 40.
Ke5 Rd3 41. f4 Kg7 42. f5 exf5 43. gxf5 h5 44. Ke4 Ra3 45. Rxh5 Ra8 46. Kf4 Rd8
47. Rh1 Rd7 48. Ra1 Rd8 49. Ra4 Rd7 50. e4 f6 51. e5 Rb7 52. Ra6 fxe5+ 53. dxe5
Rb1 54. Ra7+ Kh6 55. e6 Re1 56. Rf7 1-0

[Event "Lliga Catalana eq. DH"]
[Site "?"]
[Date "2014.03.01"]
[Round "6.3"]
[White "Travesset Ribera, J."]
[Black "Rojas Keim, LA."]
[Result "1/2-1/2"]
[WhiteElo "2320"]
[BlackElo "2473"]
[PlyCount "142"]
[EventDate "2014.??.??"]
[EventType "team"]
[EventCountry "ESP"]

1. d4 e6 2. e4 d5 3. exd5 exd5 4. Bd3 c5 5. c3 Nc6 6. Ne2 Bg4 7. O-O c4 (7...
cxd4 $1 $14 8. Re1 $142) 8. Bc2 Bd6 9. f3 Bh5 10. Bf4 Bg6 11. Re1 Nge7 12. Nd2
O-O 13. Bxg6 Nxg6 14. Bxd6 Qxd6 15. Nf1 b5 16. a3 a5 17. Qd2 b4 18. axb4 axb4
19. Nfg3 b3 20. f4 Nge7 21. f5 h6 22. Qe3 Qf6 23. Qf4 Rfb8 24. h4 Ra2 25. Rab1
g6 26. Rf1 Nxf5 27. Nxf5 Qxf5 28. Qc7 Rc8 29. Rxf5 Rxc7 30. Rxd5 Re7 31. Ng3 (
31. Kf2) 31... Ra5 32. Rxa5 Nxa5 33. Ra1 Nc6 34. Kf2 Rc7 35. Ra4 Ne7 36. Ne4
Nd5 37. Nc5 Nf4 38. Rxc4 $16 (38. Kf3) 38... Nd3+ 39. Ke2 Nxb2 40. Rb4 Ra7 41.
Nxb3 Ra2 42. Nc1 Ra1 43. Rxb2 (43. Kd2 $1) 43... Rxc1 44. Kd3 Rh1 45. c4 Rxh4
46. c5 Kf8 47. c6 Ke7 48. Rc2 (48. d5 $1) 48... Kd8 49. d5 Rh1 50. Kc4 $2 (50.
Rb2 $1 $18 Rd1+ 51. Ke4 f6 52. Rb8+ Kc7 53. Rb7+ Kc8 54. Rf7 $18) 50... Kc7 51.
Kc5 Rd1 52. Rf2 $2 (52. Re2 $142 $1 Rc1+ 53. Kb5 Kd6 (53... Rb1+ 54. Ka4) 54.
Kb6) 52... Rc1+ 53. Kd4 Rd1+ 54. Ke5 Re1+ 55. Kf6 Rd1 56. Kxf7 Rxd5 57. Kxg6 h5
58. Rf5 Rd2 59. Rg5 h4 60. Kh5 Kxc6 61. Kxh4 Kd7 62. g4 Ke7 63. Rf5 Rd8 64. g5
$2 (64. Rf4) 64... Rf8 65. Ra5 Kf7 66. Kh5 Kg8 67. Kh6 Rc8 68. Ra6 Rd8 69. Rg6+
Kh8 70. Re6 Kg8 71. g6 Ra8 1/2-1/2

[Event "Lliga Catalana eq. DH"]
[Site "?"]
[Date "2014.03.01"]
[Round "6.3"]
[White "Vehi Bach, VM."]
[Black "Ayza Leon, D."]
[Result "0-1"]
[WhiteElo "2381"]
[BlackElo "2302"]
[PlyCount "68"]
[EventDate "2014.??.??"]
[EventType "team"]
[EventCountry "ESP"]

1. e4 e5 2. Nf3 Nc6 3. Nc3 Nf6 4. Bb5 d6 5. d4 Bd7 6. O-O exd4 7. Nxd4 Be7 8.
Re1 O-O 9. Bf1 Re8 10. h3 Bf8 11. Bf4 g6 12. Qd2 Bg7 13. Nb3 Ne5 14. Bh2 Be6
15. Rad1 Qc8 16. Nd5 Bxd5 17. exd5 Ned7 18. Rxe8+ Qxe8 19. Qb4 Nb6 20. Na5 Rb8
21. c4 Qa4 22. Qxa4 Nxa4 23. b3 Nc3 24. Rd2 Nfe4 25. Rc2 Bd4 26. Bd3 Bc5 27.
Bf4 Nxf2 28. Rxf2 Nd1 29. Bg3 Nxf2 30. Bxf2 Bb4 31. Bxa7 Ra8 32. Bd4 Rxa5 33.
a4 Ra8 34. Kf2 Re8 0-1

[Event "Lliga Catalana eq. DH"]
[Site "?"]
[Date "2014.03.01"]
[Round "6.4"]
[White "Bergez, L."]
[Black "Jose Queralto, D."]
[Result "1/2-1/2"]
[WhiteElo "2391"]
[BlackElo "2218"]
[PlyCount "43"]
[EventDate "2014.??.??"]
[EventType "team"]
[EventCountry "ESP"]

1. e4 e5 2. Nf3 Nf6 3. Nc3 Nc6 4. d4 exd4 5. Nxd4 Bb4 6. Nxc6 bxc6 7. Bd3 O-O
8. O-O d5 9. exd5 cxd5 10. Bg5 c6 11. Na4 Re8 12. c3 Bd6 13. h3 Qe7 14. Bh4 Qe6
15. Qc2 Bd7 16. Rad1 Ne4 17. Rfe1 Qh6 18. Bxe4 Qxh4 19. c4 Re5 20. cxd5 cxd5
21. Nc3 Rae8 22. Re2 1/2-1/2

[Event "Lliga Catalana eq. DH"]
[Site "?"]
[Date "2014.03.01"]
[Round "6.4"]
[White "Capellades Subirana, M."]
[Black "Gomez Jurado, LA."]
[Result "1/2-1/2"]
[WhiteElo "2290"]
[BlackElo "2365"]
[PlyCount "65"]
[EventDate "2014.??.??"]
[EventType "team"]
[EventCountry "ESP"]

1. e4 c6 2. d4 d5 3. Nc3 dxe4 4. Nxe4 Bf5 5. Ng3 Bg6 6. Nf3 Nd7 7. Bc4 e6 8.
Ne2 Bd6 9. Bf4 Nb6 10. Bb3 Bxf4 11. Nxf4 Qd6 12. Nxg6 hxg6 13. Qe2 a5 14. Qe5
Qxe5+ 15. Nxe5 a4 16. Bc4 Nxc4 17. Nxc4 Rh4 18. O-O-O b5 19. Ne5 Ne7 20. h3 f6
21. g3 Re4 22. f3 Re2 23. Nd3 Kf7 24. g4 a3 25. Rde1 axb2+ 26. Kxb2 Rxe1 27.
Rxe1 Nd5 28. Nc5 Rh8 29. Rxe6 Rxh3 30. Rxc6 Rxf3 31. Ne4 Ne3 32. Nd6+ Ke6 33.
Nxb5+ 1/2-1/2

[Event "Lliga Catalana eq. DH"]
[Site "?"]
[Date "2014.03.01"]
[Round "6.4"]
[White "Gual Pascual, A."]
[Black "Sole Fabregat, X."]
[Result "1-0"]
[WhiteElo "2516"]
[BlackElo "2305"]
[PlyCount "57"]
[EventDate "2014.??.??"]
[EventType "team"]
[EventCountry "ESP"]

1. c4 e6 2. g3 f5 3. Bg2 Nf6 4. Nf3 d5 5. O-O Be7 6. d3 O-O 7. Nc3 c6 8. cxd5
exd5 9. Qb3 Nbd7 10. Qc2 Nc5 11. Nd4 Na6 12. e3 Kh8 13. b3 c5 14. Nde2 Nb4 15.
Qd1 b6 16. a3 Na6 17. Bb2 Bb7 18. d4 Ne4 19. Nf4 Nc7 20. dxc5 bxc5 21. Nxe4
dxe4 22. Qh5 Qe8 23. Rfd1 Bc6 24. Qxe8 Raxe8 25. Rac1 Rb8 26. Be5 Rfc8 27. Bh3
Rxb3 28. Bxf5 Rf8 29. Bd7 1-0

[Event "Lliga Catalana eq. DH"]
[Site "?"]
[Date "2014.03.01"]
[Round "6.4"]
[White "Perpinya Rofes, LM."]
[Black "Castelltort Fernandez, A."]
[Result "1/2-1/2"]
[WhiteElo "2453"]
[BlackElo "2345"]
[PlyCount "92"]
[EventDate "2014.??.??"]
[EventType "team"]
[EventCountry "ESP"]

1. e4 c5 2. Nc3 Nc6 3. Nge2 e5 4. Nd5 Nce7 5. Nec3 Nxd5 6. Nxd5 Nf6 7. Bc4 d6
8. d3 Be7 9. O-O O-O 10. f4 Nxd5 11. Bxd5 exf4 12. Bxf4 Be6 13. Bxe6 fxe6 14.
Qg4 Qd7 15. e5 Rae8 16. Bh6 Bd8 17. exd6 Bf6 18. c3 Be5 19. Rae1 Qxd6 20. g3
Rf5 21. Rxf5 exf5 22. Qc4+ Kh8 23. Bf4 Re7 24. Rxe5 Rxe5 25. Kf2 h6 26. Bxe5
Qxe5 27. Qf7 b5 28. Qxa7 b4 29. Qf7 bxc3 30. bxc3 Qxc3 31. Qf8+ Kh7 32. Qxf5+
Kh8 33. Kf3 Qc2 34. a3 Qc1 35. a4 Qd1+ 36. Kg2 Qxa4 37. Qf8+ Kh7 38. Qxc5 Qa8+
39. Kf2 Qa2+ 40. Kf3 Qxh2 41. Qf5+ Kh8 42. d4 Qh1+ 43. Kf4 Qc1+ 44. Ke5 Qc7+
45. Ke6 Qc8+ 46. Ke5 Qc7+ 1/2-1/2

[Event "Lliga Catalana eq. DH"]
[Site "?"]
[Date "2014.03.01"]
[Round "6.4"]
[White "Rodriguez Cespedes, A."]
[Black "Escandell Mari, JC."]
[Result "1-0"]
[WhiteElo "2476"]
[BlackElo "2364"]
[PlyCount "75"]
[EventDate "2014.??.??"]
[EventType "team"]
[EventCountry "ESP"]

1. e4 e5 2. Nf3 Nc6 3. Bb5 a6 4. Ba4 Nge7 5. c3 g6 6. d4 exd4 7. cxd4 Bg7 8. d5
b5 9. Bb3 Na5 10. Bd2 Nxb3 11. Qxb3 O-O 12. Bc3 Bxc3+ 13. Nxc3 c5 14. d6 Nc6
15. O-O Na5 16. Qc2 Bb7 17. Rad1 Nc4 18. Rfe1 Re8 19. a4 Bc6 20. h4 Rc8 21.
axb5 axb5 22. b3 Na3 23. Qd2 Qf6 24. e5 Qf5 25. Nd5 Bxd5 26. Qxd5 Nc2 27. Re2
Nb4 28. Qd2 f6 29. Qh6 Nc6 30. exf6 Qxf6 31. Qd2 Qf7 32. Rb1 Nb4 33. Ne5 Qd5
34. Qc3 Qxd6 35. Rbe1 Nc6 36. Ng4 Rxe2 37. Nh6+ Kf8 38. Qh8+ 1-0

[Event "Lliga Catalana eq. DH"]
[Site "?"]
[Date "2014.03.01"]
[Round "6.4"]
[White "Rodriguez Melgar, JM."]
[Black "Vigoa Apecheche, Y."]
[Result "0-1"]
[WhiteElo "2272"]
[BlackElo "2321"]
[PlyCount "64"]
[EventDate "2014.??.??"]
[EventType "team"]
[EventCountry "ESP"]

1. e4 c5 2. Nf3 a6 3. c4 d6 4. d4 Bg4 5. Be2 Bxf3 6. Bxf3 cxd4 7. Qxd4 Nc6 8.
Qd2 Nf6 9. Nc3 e6 10. O-O Qc7 11. b3 Be7 12. g3 h5 13. h4 Ng4 14. Qe2 Nce5 15.
Bf4 Bf6 16. Rac1 Qa5 17. Bg2 Ng6 18. Bd2 Qd8 19. f3 Bd4+ 20. Kh1 Nxh4 21. Bh3
Ng6 22. fxg4 hxg4 23. Qxg4 Ne5 24. Qxg7 Rxh3+ 25. Kg2 Rh2+ 26. Kxh2 Nf3+ 27.
Rxf3 Bxg7 28. Rcf1 Qa5 29. Kg2 O-O-O 30. a4 Rh8 31. R1f2 Qh5 32. Kf1 Bd4 0-1

[Event "Lliga Catalana eq. DH"]
[Site "?"]
[Date "2014.03.01"]
[Round "6.4"]
[White "Torrecillas Martinez, A."]
[Black "Alexandrova, O."]
[Result "0-1"]
[WhiteElo "2412"]
[BlackElo "2448"]
[PlyCount "56"]
[EventDate "2014.??.??"]
[EventType "team"]
[EventCountry "ESP"]

1. e4 e6 2. d4 d5 3. Nd2 dxe4 4. Nxe4 Nd7 5. Bd3 Ngf6 6. Qe2 c5 7. Nxf6+ Nxf6
8. dxc5 Bxc5 9. Nf3 O-O 10. O-O Qc7 11. a3 b6 12. b4 Be7 13. Bb2 Bb7 14. Rfe1
Qf4 15. Ne5 a5 16. g3 Qh6 17. c3 Qh3 18. f3 Bd6 19. Qf2 Bxe5 20. Rxe5 Nd7 21.
Ree1 Qh5 22. Be4 Bxe4 23. Rxe4 Ne5 24. Qe2 Nxf3+ 25. Kg2 Rad8 26. Bc1 Rd1 27.
h4 Re1 28. Qc2 Qd5 0-1

[Event "Lliga Catalana eq. DH"]
[Site "?"]
[Date "2014.03.01"]
[Round "6.5"]
[White "Fernandez Lopez, J."]
[Black "Martinez Ramirez, E."]
[Result "0-1"]
[WhiteElo "2171"]
[BlackElo "2372"]
[PlyCount "42"]
[EventDate "2014.??.??"]
[EventType "team"]
[EventCountry "ESP"]

1. e4 c5 2. Nf3 Nc6 3. Bb5 Nd4 4. Nxd4 cxd4 5. c3 a6 6. Bd3 dxc3 7. Nxc3 g6 8.
Bc2 Bg7 9. d4 d5 10. e5 e6 11. h4 h5 12. a4 Bd7 13. a5 Ne7 14. Bg5 Qc7 15. O-O
Nc6 16. Qd2 b6 17. Na4 bxa5 18. Nc5 Nxe5 19. Qf4 Rc8 20. Bf6 Bxf6 21. Qxf6 Ng4
0-1

[Event "Lliga Catalana eq. DH"]
[Site "?"]
[Date "2014.03.01"]
[Round "6.5"]
[White "Fernandez Soriano, R."]
[Black "Milliet, S."]
[Result "0-1"]
[WhiteElo "2261"]
[BlackElo "2372"]
[PlyCount "70"]
[EventDate "2014.??.??"]
[EventType "team"]
[EventCountry "ESP"]

1. d4 Nf6 2. Nc3 d5 3. Bg5 c6 4. e3 Bf5 5. Bxf6 exf6 6. Bd3 Bxd3 7. Qxd3 Bb4 8.
Nge2 O-O 9. a3 Ba5 10. Nf4 Nd7 11. h4 Bc7 12. Qf5 g6 13. Qd3 Bxf4 14. exf4 Re8+
15. Kf1 f5 16. g3 Re6 17. Kg2 Qe7 18. Rad1 Nf6 19. Rd2 Re8 20. f3 b5 21. Rb1 a5
22. Rf2 Re3 23. Qf1 Nd7 24. Na2 Nb6 25. Kh2 Nc4 26. a4 bxa4 27. b3 Na3 28. Rd1
axb3 29. cxb3 Rxb3 30. Qa6 Reb8 31. Qxc6 Rb2 32. Rdf1 Qe3 33. Kg2 Qxd4 34. Nc3
Nc4 35. Nxd5 Qxd5 0-1

[Event "Lliga Catalana eq. DH"]
[Site "?"]
[Date "2014.03.08"]
[Round "6.5"]
[White "Gallart Zafra, J."]
[Black "Escandell Mari, JC."]
[Result "0-1"]
[WhiteElo "2339"]
[BlackElo "2364"]
[PlyCount "95"]
[EventDate "2014.??.??"]
[EventType "team"]
[EventCountry "ESP"]

1. e4 c5 2. Nf3 Nc6 3. d4 cxd4 4. Nxd4 e6 5. Be2 Nf6 6. Nxc6 bxc6 7. Nd2 Qc7 8.
O-O d5 9. Bf3 Bd6 10. g3 O-O 11. Re1 Re8 12. Qe2 e5 13. c4 d4 14. Nb3 a5 15.
Bg5 Nd7 16. Bg4 a4 17. Bxd7 Qxd7 18. Nc1 Qe6 19. Qc2 Qg6 20. Bd2 f5 21. c5 Bc7
22. f3 fxe4 23. fxe4 h5 24. Bb4 Rf8 25. Nd3 Bg4 26. Nf2 Bf3 27. Qc4+ Kh7 28. a3
Rf6 29. Qf1 Raf8 30. Qh3 R6f7 31. Rac1 Bd8 32. Bd2 Bg5 33. Bxg5 Qxg5 34. Rc2
Qg6 35. Qh4 Rf4 36. Qh3 Bxe4 37. Nxe4 Rxe4 38. Rxe4 Qxe4 39. Qxh5+ Kg8 40. Qd1
d3 41. Rd2 Qd4+ 42. Kg2 e4 43. h4 Rd8 44. Rf2 e3 45. Rf4 Qxb2+ 46. Kh3 e2 47.
Qh1 d2 48. Qxc6 0-1

[Event "Lliga Catalana eq. DH"]
[Site "?"]
[Date "2014.03.01"]
[Round "6.5"]
[White "Randazzo, A."]
[Black "Panelo Muñoz, MA."]
[Result "1/2-1/2"]
[WhiteElo "2351"]
[BlackElo "2472"]
[PlyCount "44"]
[EventDate "2014.??.??"]
[EventType "team"]
[EventCountry "ESP"]

1. e4 c5 2. Nf3 d6 3. Bb5+ Bd7 4. Bxd7+ Qxd7 5. c4 Nf6 6. Nc3 g6 7. O-O Bg7 8.
d4 cxd4 9. Nxd4 Nc6 10. Nde2 Qe6 11. Nd5 Qxe4 12. Nc7+ Kd7 13. Nxa8 Qxc4 14.
Nb6+ axb6 15. Nc3 Ra8 16. Be3 Ra6 17. h3 Ne5 18. Rc1 Qd3 19. Qb3 Qc4 20. Qc2
Qd3 21. Qb3 Qc4 22. Qd1 Qd3 1/2-1/2

[Event "Lliga Catalana eq. DH"]
[Site "?"]
[Date "2014.03.01"]
[Round "6.5"]
[White "Sanchez Ibern, M."]
[Black "Garrido Fernandez, D."]
[Result "1/2-1/2"]
[WhiteElo "2445"]
[BlackElo "2347"]
[PlyCount "50"]
[EventDate "2014.??.??"]
[EventType "team"]
[EventCountry "ESP"]

1. e4 c5 2. Nf3 g6 3. g3 Bg7 4. Bg2 Nc6 5. O-O d6 6. c3 e5 7. Na3 Nge7 8. Nc2
O-O 9. d4 cxd4 10. cxd4 exd4 11. Nfxd4 Nxd4 12. Nxd4 d5 13. exd5 Nxd5 14. Nb3
Nb4 15. Qxd8 Rxd8 16. Nc5 Bd4 17. Bg5 f6 18. Be3 Bxe3 19. fxe3 Nc2 20. Rad1 Bg4
21. Rxd8+ Rxd8 22. Nxb7 Rd2 23. Rf2 Rd1+ 24. Rf1 Rd2 25. Rf2 Rd1+ 1/2-1/2

[Event "Lliga Catalana eq. DH"]
[Site "?"]
[Date "2014.03.01"]
[Round "6.5"]
[White "Subirats Ruiz, S."]
[Black "Rahal, M."]
[Result "1/2-1/2"]
[WhiteElo "2294"]
[BlackElo "2426"]
[PlyCount "41"]
[EventDate "2014.??.??"]
[EventType "team"]
[EventCountry "ESP"]

1. e4 e6 2. d4 d5 3. Nd2 dxe4 4. Nxe4 Bd7 5. Bd3 Bc6 6. Nf3 Nd7 7. Qe2 Bxe4 8.
Qxe4 c6 9. c4 Bb4+ 10. Kf1 Ngf6 11. Qe2 O-O 12. h4 Re8 13. Rh3 Bd6 14. Ne5 c5
15. Bg5 Qc7 16. f4 cxd4 17. Re1 Bb4 18. Rd1 Bd6 19. Re1 Bb4 20. Rd1 Bd6 21. Re1
1/2-1/2

[Event "Lliga Catalana eq. DH"]
[Site "?"]
[Date "2014.03.01"]
[Round "6.6"]
[White "Bofill Mas, A."]
[Black "Fernandez Muixi, F."]
[Result "1-0"]
[WhiteElo "2420"]
[BlackElo "2252"]
[PlyCount "63"]
[EventDate "2014.??.??"]
[EventType "team"]
[EventCountry "ESP"]

1. c4 g6 2. g3 Bg7 3. Bg2 Nf6 4. Nc3 c5 5. Nf3 Nc6 6. d4 cxd4 7. Nxd4 O-O 8.
O-O Qb6 9. Nb3 d6 10. Be3 Qb4 11. c5 Ng4 12. Bg5 Be6 13. Bxc6 bxc6 14. Bxe7 d5
15. Bxf8 Rxf8 16. Qd2 Ne5 17. Nxd5 Qg4 18. f3 Qa4 19. Qa5 Qc4 20. Nf4 Qc2 21.
Nxe6 fxe6 22. Qd2 Qf5 23. Rac1 Qh3 24. Qe3 Rf5 25. Rcd1 Bf6 26. Nd4 Rh5 27. Rf2
Kf7 28. Qe4 Nd7 29. Nxc6 Nxc5 30. Qg4 Qxg4 31. fxg4 Rg5 32. h4 1-0

[Event "Lliga Catalana eq. DH"]
[Site "?"]
[Date "2014.03.01"]
[Round "6.6"]
[White "Cervello Tost, F."]
[Black "Asensio Liñan, T."]
[Result "1/2-1/2"]
[WhiteElo "2232"]
[BlackElo "2278"]
[PlyCount "68"]
[EventDate "2014.??.??"]
[EventType "team"]
[EventCountry "ESP"]

1. d4 f5 2. Nf3 Nf6 3. g3 g6 4. Bg2 Bg7 5. O-O O-O 6. c4 d6 7. Nc3 c6 8. Re1
Qc7 9. c5 h6 10. e4 fxe4 11. Nxe4 Nxe4 12. Rxe4 Bf5 13. Re1 dxc5 14. Bf4 Qb6
15. dxc5 Qxb2 16. Be5 Bxe5 17. Nxe5 Na6 18. g4 Rad8 19. Qb3+ Qxb3 20. axb3 Bc2
21. Rac1 Nb4 22. Re2 Rf4 23. h3 Rd1+ 24. Rxd1 Bxd1 25. Rd2 Bc2 26. Rd7 Bxb3 27.
Rxb7 a5 28. Nxc6 Nxc6 29. Rxb3 Nd4 30. Ra3 a4 31. c6 Nb5 32. Ra1 Nc3 33. c7 Rc4
34. Rxa4 Rxc7 1/2-1/2

[Event "Lliga Catalana eq. DH"]
[Site "?"]
[Date "2014.03.01"]
[Round "6.6"]
[White "Colon Garcia, E."]
[Black "Pueyo Burrell, D."]
[Result "1-0"]
[WhiteElo "2405"]
[BlackElo "2293"]
[PlyCount "43"]
[EventDate "2014.??.??"]
[EventType "team"]
[EventCountry "ESP"]

1. e4 c5 2. Nf3 Nc6 3. d4 cxd4 4. Nxd4 g6 5. Nc3 Bg7 6. Be3 Nf6 7. Bc4 O-O 8.
Bb3 Qc7 9. O-O a6 10. f4 d6 11. Kh1 e6 12. Qd2 b5 13. a3 Bb7 14. Rae1 Rad8 15.
f5 Nxd4 16. Bxd4 gxf5 (16... Rde8) 17. Bxf6 Bxf6 18. exf5 e5 $2 (18... Kh8) 19.
Bd5 Ba8 20. Ne4 Qe7 21. Qh6 Bg7 22. f6 1-0

[Event "Lliga Catalana eq. DH"]
[Site "?"]
[Date "2014.03.01"]
[Round "6.6"]
[White "Llaneza Vega, P."]
[Black "Martin Gonzalez, A."]
[Result "0-1"]
[WhiteElo "2306"]
[BlackElo "2464"]
[PlyCount "40"]
[EventDate "2014.??.??"]
[EventType "team"]
[EventCountry "ESP"]

1. e4 c5 2. Nf3 g6 3. d4 Bg7 4. dxc5 Qa5+ 5. c3 Qxc5 6. Na3 Nf6 7. Bd3 O-O 8.
O-O d5 9. exd5 Nxd5 10. Bc4 Rd8 11. Qe2 Nc6 12. Nb5 Bg4 13. b4 Bxf3 14. bxc5
Bxe2 15. Bxe2 a6 16. c4 axb5 17. cxd5 Bxa1 18. dxc6 bxc6 19. Bf3 Rdc8 20. Bg5
Bf6 0-1

[Event "Lliga Catalana eq. DH"]
[Site "?"]
[Date "2014.03.01"]
[Round "6.6"]
[White "Perez Mañas, B."]
[Black "Mateu Guiu, E."]
[Result "0-1"]
[WhiteElo "2375"]
[BlackElo "2159"]
[PlyCount "46"]
[EventDate "2014.??.??"]
[EventType "team"]
[EventCountry "ESP"]

1. e4 c5 2. Nf3 Nc6 3. d4 cxd4 4. Nxd4 g6 5. c4 Nf6 6. Nc3 d6 7. Be2 Nxd4 8.
Qxd4 Bg7 9. O-O O-O 10. Bg5 Qa5 11. Qd2 Be6 12. Rac1 Rfc8 13. b3 a6 14. Rfd1 b5
15. Nd5 Qxd2 16. Bxd2 Nxd5 17. exd5 Bd7 18. Ba5 Rab8 19. Kf1 b4 20. c5 dxc5 21.
d6 Kf8 22. dxe7+ Kxe7 23. Rxd7+ Kxd7 0-1

[Event "Lliga Catalana eq. DH"]
[Site "?"]
[Date "2014.03.01"]
[Round "6.6"]
[White "Perez Mitjans, O."]
[Black "Fernandez Cazorla, A."]
[Result "1-0"]
[WhiteElo "2471"]
[BlackElo "2305"]
[PlyCount "87"]
[EventDate "2014.??.??"]
[EventType "team"]
[EventCountry "ESP"]

1. e4 c5 2. Nf3 d6 3. d4 cxd4 4. Nxd4 Nf6 5. Nc3 a6 6. Be3 e5 7. Nb3 Be6 8. Qd2
Be7 9. f3 O-O 10. O-O-O a5 11. Kb1 a4 12. Nc1 a3 13. b3 Ra5 14. g4 d5 15. g5 d4
16. gxf6 Bxf6 17. Qe1 Nd7 18. Bf2 dxc3 19. Qxc3 Qa8 20. Qb4 Re8 21. Bc4 Be7 22.
Qe1 Bxc4 23. Rxd7 Be6 24. Rxb7 Bc5 25. Bxc5 Rxc5 26. Qb4 Qc8 27. Rb8 Qxb8 28.
Qxc5 Qa8 29. Rd1 f5 30. Nd3 fxe4 31. fxe4 Qxe4 32. Re1 Qg2 33. Qxa3 Rc8 34. Rc1
Bf5 35. Qd6 Qxh2 36. Qd5+ Kh8 37. Nxe5 Bxc2+ 38. Ka1 h6 39. Nf7+ Kh7 40. Ng5+
Kh8 41. Ne6 Qh4 42. Qe5 Qf6 43. Qxf6 gxf6 44. Kb2 1-0

[Event "Lliga Catalana eq. DH"]
[Site "?"]
[Date "2014.03.01"]
[Round "6.6"]
[White "Pijuan Herranz, M."]
[Black "Bruned Segura, M."]
[Result "1/2-1/2"]
[WhiteElo "2313"]
[BlackElo "2241"]
[PlyCount "26"]
[EventDate "2014.??.??"]
[EventType "team"]
[EventCountry "ESP"]

1. d4 d6 2. Nf3 Nd7 3. c4 e5 4. Nc3 c6 5. g3 g6 6. Bg2 Bg7 7. O-O Ne7 8. e4 O-O
9. Be3 f5 10. Ng5 Nf6 11. dxe5 dxe5 12. Qb3 Qe8 13. Rad1 {irreproducible} h6
1/2-1/2

[Event "Lliga Catalana eq. DH"]
[Site "?"]
[Date "2014.03.01"]
[Round "6.7"]
[White "Camacho Collados, M."]
[Black "Yepes Martinez, E."]
[Result "1-0"]
[WhiteElo "2420"]
[BlackElo "2320"]
[PlyCount "67"]
[EventDate "2014.??.??"]
[EventType "team"]
[EventCountry "ESP"]

1. e4 e6 2. d3 c5 3. Nf3 Nc6 4. g3 g6 5. Bg2 Bg7 6. O-O Nge7 7. c3 d5 8. Qe2 h6
9. h4 b6 10. Re1 Ba6 11. e5 Qc7 12. Bf4 O-O-O 13. a4 Rdg8 14. Na3 g5 15. hxg5
hxg5 16. Bxg5 Ng6 17. Nb5 Bxb5 18. axb5 Ncxe5 19. d4 Nxf3+ 20. Qxf3 c4 21. Ra4
Kb8 22. Rea1 a5 23. bxa6 Ka7 24. b3 b5 25. Rb4 Rb8 26. bxc4 bxc4 27. Rb7+ Rxb7
28. axb7+ Kxb7 29. Qd1 Qc6 30. Qb1+ Kc8 31. Ra7 Rf8 32. Qb4 Bh8 33. Bf4 e5 34.
dxe5 1-0

[Event "Lliga Catalana eq. DH"]
[Site "?"]
[Date "2014.03.01"]
[Round "6.7"]
[White "Carrasco Rodriguez, J."]
[Black "Serra Fontova, F."]
[Result "1-0"]
[WhiteElo "2283"]
[BlackElo "2276"]
[PlyCount "71"]
[EventDate "2014.??.??"]
[EventType "team"]
[EventCountry "ESP"]

1. e4 e5 2. Nf3 d6 3. d4 exd4 4. Nxd4 g6 5. Nc3 Bg7 6. Be3 Nf6 7. Be2 O-O 8.
O-O Re8 9. Bf3 Nbd7 10. Nb3 Ne5 11. Be2 Be6 12. f4 Nc4 13. Bc1 b5 14. e5 dxe5
15. Qxd8 Rexd8 16. Nxb5 e4 17. Nxc7 Rac8 18. Nxe6 fxe6 19. c3 Nd5 20. Rd1 Kf7
21. g3 h5 22. Bxc4 Rxc4 23. Be3 Rh8 24. Bxa7 e3 25. Re1 Re4 26. Nc5 Rc4 27. Nd3
Re4 28. Kg2 Ra8 29. Bc5 e2 30. Kf3 Rea4 31. a3 Rd8 32. Nf2 Rc4 33. Ne4 Ra4 34.
Rxe2 e5 35. Rd1 Rxe4 36. Rxe4 1-0

[Event "Lliga Catalana eq. DH"]
[Site "?"]
[Date "2014.03.01"]
[Round "6.7"]
[White "Castellano Egea, E."]
[Black "Hernando Rodrigo, JM."]
[Result "0-1"]
[WhiteElo "2282"]
[BlackElo "2368"]
[PlyCount "82"]
[EventDate "2014.??.??"]
[EventType "team"]
[EventCountry "ESP"]

1. e4 g6 2. d4 Bg7 3. Nc3 d6 4. Nf3 a6 5. Bc4 b5 6. Bb3 e6 7. Bg5 Ne7 8. O-O h6
9. Bh4 Bb7 10. Re1 Nd7 11. d5 e5 12. a4 b4 13. Na2 a5 14. c3 bxc3 15. Nxc3 g5
16. Bg3 Ng6 17. Rc1 Ba6 18. Nd2 h5 19. f3 Bh6 20. Nc4 (20. Bc4) 20... g4 21.
fxg4 $2 (21. Rc2) 21... Bxc1 22. Qxc1 Nc5 23. Qc2 Qb8 24. Ba2 hxg4 25. Qf2 $2
Nd3 26. Qf6 Qd8 27. Qxd8+ Rxd8 28. Nxa5 Nxe1 29. Bxe1 Nf4 30. Nc6 Nd3 31. Bd2
Nxb2 32. Nxd8 Kxd8 33. Bb3 Kd7 34. Bc1 Rb8 35. Bc2 Bd3 36. Bxb2 Bxc2 37. Bc1
Bxa4 38. h4 Bc2 39. Kh2 f5 40. Kg3 Rb3 41. Bd2 Bxe4 0-1